| 000 | 00424nam a2200109Ia 4500 | ||
|---|---|---|---|
| 008 | 160909s9999 xx 000 0 und d | ||
| 100 | _aArnsdorff, G. Blake | ||
| 245 | 4 | _aThe effect of part-task and whole-task training on air traffic controller communication complexity | |
| 260 |
_bCalifornia State University, Long Beach. _c2016 |
||
| 650 | _aPSYCHOLOGY | ||
| 856 | _uhttp://pqdtopen.proquest.com/doc/1780636331.html?FMT=ABS | ||
| 999 |
_c304150 _d304150 |
||